000 00476cam a2200169ua 4500
003 OSt
008 240213b |||||||| |||| 00| 0 eng d
041 _aeng
082 _a635
_bPET/MA
100 _aPeter, K. V.
_9305
245 0 0 _aManagement of horticultural crops, part 1 /
260 _aNew Delhi :
_bNew India Publishing Agency ,
_c2008.
300 _a451 ;
_eCD.
490 0 _aHorticultural Science Series No.11,
700 1 _aPradeepkumar, T .
_96016
942 _cBK
999 _c13251
_d13251